<?xml version="1.0" encoding="UTF-8"?>
<collection xmlns="http://www.loc.gov/MARC21/slim">
    <record>
        <controlfield tag="001">63401</controlfield>
        <controlfield tag="005">20171211140549.0</controlfield>
        <datafield tag="024" ind1="8" ind2=" ">
            <subfield code="2">sideral</subfield>
            <subfield code="a">102477</subfield>
        </datafield>
        <datafield tag="037" ind1=" " ind2=" ">
            <subfield code="a">ART-2016-102477</subfield>
        </datafield>
        <datafield tag="041" ind1=" " ind2=" ">
            <subfield code="a">eng</subfield>
        </datafield>
        <datafield tag="100" ind1=" " ind2=" ">
            <subfield code="0">(orcid)0000-0003-4419-1905</subfield>
            <subfield code="a">Escobar Urmeneta, María Teresa</subfield>
            <subfield code="u">Universidad de Zaragoza</subfield>
        </datafield>
        <datafield tag="245" ind1=" " ind2=" ">
            <subfield code="a">Selección Multicriterio de una Estrategia de Movilidad en la Ciudad de Zaragoza</subfield>
        </datafield>
        <datafield tag="260" ind1=" " ind2=" ">
            <subfield code="c">2016</subfield>
        </datafield>
        <datafield tag="506" ind1="0" ind2=" ">
            <subfield code="a">Access copy available to the general public</subfield>
            <subfield code="f">Unrestricted</subfield>
        </datafield>
        <datafield tag="520" ind1="3" ind2=" ">
            <subfield code="a">El trabajo presenta la experiencia realizada en abril del año 2015 con los alumnos de Gobierno Electrónico y Decisiones Pu´blicas (4o curso de Economía), relativa a la selección de la mejor estrategia de movilidad en la ciudad de Zaragoza. Las opciones consideradas correspondían a las que los distintos partidos políticos proponían en sus programas electorales para las elecciones municipales que se celebraron en mayo de 2015. Esta experiencia se realizó siguiendo la propuesta de la e-Cognocracia distinguiendo dos rondas de votaciones electrónicas en las que los participantes emitieron sus preferencias sobre las alternativas consideradas. Entre las dos votaciones se implementó un foro en el que los alumnos incorporaron los argumentos que soportaban las distintas posiciones y decisiones. El soporte metodológico utilizado en las rondas de votación fue el Proceso Analítico Jerárquico (AHP). En el trabajo se presentan las prioridades obtenidas para cada individuo en las dos rondas de votación, así como las prioridades grupales calculadas a partir de los juicios y prioridades individuales. Para el cálculo de las prioridades del grupo se han utilizado distintos procedimientos propuestos en la literatura científica para la Toma de Decisiones en Grupo con AHP.</subfield>
        </datafield>
        <datafield tag="536" ind1=" " ind2=" ">
            <subfield code="9">info:eu-repo/grantAgreement/ES/MICINN/ECO2011-24181</subfield>
            <subfield code="9">info:eu-repo/grantAgreement/ES/MINECO/ECO2015-66673-R</subfield>
        </datafield>
        <datafield tag="540" ind1=" " ind2=" ">
            <subfield code="9">info:eu-repo/semantics/openAccess</subfield>
            <subfield code="a">by-nc</subfield>
            <subfield code="u">http://creativecommons.org/licenses/by-nc/3.0/es/</subfield>
        </datafield>
        <datafield tag="655" ind1=" " ind2="4">
            <subfield code="a">info:eu-repo/semantics/conferenceObject</subfield>
            <subfield code="v">info:eu-repo/semantics/publishedVersion</subfield>
        </datafield>
        <datafield tag="700" ind1=" " ind2=" ">
            <subfield code="0">(orcid)0000-0003-3138-7597</subfield>
            <subfield code="a">Aguarón Joven, Juan Alfredo</subfield>
            <subfield code="u">Universidad de Zaragoza</subfield>
        </datafield>
        <datafield tag="700" ind1=" " ind2=" ">
            <subfield code="0">(orcid)0000-0002-5037-6976</subfield>
            <subfield code="a">Moreno Jiménez, José María</subfield>
            <subfield code="u">Universidad de Zaragoza</subfield>
        </datafield>
        <datafield tag="710" ind1="2" ind2=" ">
            <subfield code="1">4008</subfield>
            <subfield code="2">623</subfield>
            <subfield code="a">Universidad de Zaragoza</subfield>
            <subfield code="b">Departamento de Estructura e Historia Económicas y Economía Pública</subfield>
            <subfield code="c">Métodos Cuantitativos para la Economíay la Empresa</subfield>
        </datafield>
        <datafield tag="773" ind1=" " ind2=" ">
            <subfield code="g">30 (2016), 898-910</subfield>
            <subfield code="p">An. econ. apl.</subfield>
            <subfield code="t">Anales de Economía Aplicada</subfield>
            <subfield code="x">2174-3088</subfield>
        </datafield>
        <datafield tag="856" ind1="4" ind2="1">
            <subfield code="u">www.asepelt.org/ficheros/File/Anales/2016/anales-2016.pdf</subfield>
            <subfield code="z">Texto completo de la revista</subfield>
        </datafield>
        <datafield tag="856" ind1="4" ind2=" ">
            <subfield code="s">517932</subfield>
            <subfield code="u">http://zaguan.unizar.es/record/63401/files/texto_completo.pdf</subfield>
            <subfield code="y">Versión publicada</subfield>
        </datafield>
        <datafield tag="856" ind1="4" ind2=" ">
            <subfield code="s">93455</subfield>
            <subfield code="u">http://zaguan.unizar.es/record/63401/files/texto_completo.jpg?subformat=icon</subfield>
            <subfield code="x">icon</subfield>
            <subfield code="y">Versión publicada</subfield>
        </datafield>
        <datafield tag="909" ind1="C" ind2="O">
            <subfield code="o">oai:zaguan.unizar.es:63401</subfield>
            <subfield code="p">articulos</subfield>
            <subfield code="p">driver</subfield>
        </datafield>
        <datafield tag="951" ind1=" " ind2=" ">
            <subfield code="a">2017-12-11-14:02:38</subfield>
        </datafield>
        <datafield tag="980" ind1=" " ind2=" ">
            <subfield code="a">ARTICLE</subfield>
        </datafield>
    </record>

    
</collection>